Jane Austen Quotes - Statistics

General Stats
  • This quiz has been taken 237 times
  • The average score is 7 of 15
Answer Stats
Quote Missing Word(s) % Correct
It is a truth ___ acknowledged, that a single man in possession of a good fortune must be in want of a wife. universally
95%
"I do not think I ever opened a book in my life which had not something to say upon ___'s inconstancy. Songs and proverbs, all talk of ___'s fickleness. But perhaps you will say, these were all written by men." woman
76%
"...I could easily forgive his ___, if he had not mortified mine." pride
74%
“I am the happiest creature in the world. Perhaps other people have said so before, but not one with such justice. I am happier even than Jane; she only smiles, I ___.” laugh
71%
"Pray, pray be composed," cried Elinor, "and do not betray what you ___ to every body present." feel
63%
"You pierce my soul. I am half ___, half hope. Tell me not that I am too late, that such precious feelings are gone for ever." agony
46%
"Better be without ___, than misapply it as you do." sense
44%
"The person, be it gentleman or lady, who has not pleasure in a ___ ___, must be intolerably stupid. I have read all Mrs. Radcliffe's works, and most of them with great pleasure." good novel
43%
“It was ___ ___, indeed! You, whom she had known from an infant... to have you now, in thoughtless spirits... laugh at her, humble her...." badly done
38%
"There are few people whom I really love, and still fewer of whom I ___ ___. The more I see of the world, the more am I dissatisfied with it..." think well
26%
“Now I must give one ___, and then we may be rational again.” Catherine turned away her head, not knowing whether she might venture to laugh. smirk
20%
"It is not every one," said Elinor, "who has your passion for dead ___." leaves
18%
But there certainly are not so many men of large fortune in the world as there are ___ ___ to deserve them. pretty women
15%
Run mad as often as you chuse; but do not ___. faint
11%
"You want nothing but patience— or give it a more fascinating name, call it ___." hope
11%
No matching quizzes found
Score Distribution
Percent of People with Each Score
Percentile by Number Answered
Your Score History
You have not taken this quiz